Every Premier League Goalscorer for Chelsea - Statistics

General Stats
  • This quiz has been taken 1,447 times
    84 since last reset
  • The average score is 81 of 178
Answer Stats
Player % Correct
Frank Lampard
94%
João Pedro
92%
Cole Palmer
91%
Demba Ba
91%
Didier Drogba
91%
Eden Hazard
88%
Pedro
86%
Reece James
86%
Enzo Fernández
85%
John Terry
85%
Ashley Cole
82%
Carlton Cole
82%
Joe Cole
82%
Moisés Caicedo
82%
Diego Costa
80%
Gianfranco Zola
80%
Kai Havertz
80%
Willian
80%
Jorginho
78%
Marc Cucurella
78%
N’Golo Kanté
78%
Pedro Neto
78%
Mason Mount
77%
Gary Cahill
75%
Nicolas Anelka
75%
Ricardo Carvalho
75%
Thiago Silva
75%
Francesc Fàbregas
74%
Fernando Torres
72%
Jimmy Floyd Hasselbaink
72%
Liam Delap
72%
Malo Gusto
72%
Oscar
72%
Timo Werner
72%
Alejandro Garnacho
71%
Ben Chilwell
71%
Marcos Alonso
71%
Michael Essien
71%
Raheem Sterling
71%
Romelu Lukaku
71%
César Azpilicueta
69%
David Luiz
69%
Michael Ballack
69%
Nicolas Jackson
69%
Antonio Rüdiger
68%
Branislav Ivanović
66%
Claude Makélélé
66%
Mohamed Salah
66%
Trevoh Chalobah
66%
Victor Moses
66%
Andriy Shevchenko
65%
Estêvão
65%
Mykhailo Mudryk
65%
Salomon Kalou
65%
Arjen Robben
63%
Benoît Badiashile
63%
Christian Pulisic
63%
Juan Mata
63%
Mateo Kovačić
63%
Nemanja Matić
63%
Ramires
63%
Álvaro Morata
62%
Florent Malouda
62%
Olivier Giroud
62%
Noni Madueke
60%
Tammy Abraham
60%
Hakim Ziyech
58%
John Obi Mikel
58%
Wesley Fofana
58%
Damien Duff
57%
William Gallas
57%
Eiður Guðjohnsen
55%
Samuel Eto’o
55%
Deco
54%
Gonzalo Higuaín
54%
João Félix
54%
Levi Colwill
54%
André Schürrle
52%
Danny Drinkwater
52%
Ruben Loftus-Cheek
52%
Ruud Gullit
52%
Fikayo Tomori
51%
José Bosingwa
51%
Marcel Desailly
51%
Radamel Falcao
51%
Daniel Sturridge
49%
Hernán Crespo
49%
Kurt Zouma
49%
Michy Batshuayi
49%
Pierre-Emerick Aubameyang
49%
Ross Barkley
49%
Axel Disasi
48%
Jadon Sancho
48%
Davide Zappacosta
46%
Alex
45%
Conor Gallagher
45%
Kalidou Koulibaly
45%
Tosin Adarabioyo
45%
Wayne Bridge
43%
Callum Hudson-Odoi
42%
Gianluca Vialli
42%
Christopher Nkunku
40%
Dennis Wise
40%
Mark Hughes
40%
Paul Hughes
40%
Raul Meireles
40%
Emmanuel Petit
38%
Glen Johnson
38%
Josh Acheampong
38%
Tore André Flo
38%
Armando Broja
35%
Loïc Rémy
35%
Roberto Di Matteo
35%
Shaun Wright-Phillips
35%
Tyrique George
34%
Alexandre Pato
32%
Gus Poyet
32%
Tiago Mendes
32%
Yossi Benayoun
32%
Juan Sebastián Verón
31%
Tiémoué Bakayoko
31%
Adrian Mutu
29%
Marko Marin
29%
Vinnie Jones
29%
Scott Parker
28%
Celestine Babayaro
26%
Graeme Le Saux
26%
Juliano Belletti
26%
Carney Chukwuemeka
25%
Alfie Gilchrist
23%
Claudio Pizarro
23%
Gareth Hall
23%
Mateja Kežman
23%
Bertrand Traoré
22%
Dan Petrescu
22%
Kenedy
22%
Boudewijn Zenden
20%
Frank Lebœuf
20%
Frank Sinclair
18%
George Weah
18%
Geremi
18%
Jesper Grønkjær
18%
Jody Morris
17%
Steve Clarke
17%
Asier del Horno
15%
Chris Sutton
15%
Mario Melchiot
12%
Erland Johnsen
11%
Glenn Hoddle
11%
Mario Stanić
11%
Mikael Forssell
11%
Tony Cascarino
11%
Mark Stein
9%
Andy Townsend
8%
Craig Burley
8%
Eddie Newton
8%
Gavin Peacock
8%
John Spencer
8%
Mick Harford
8%
Bjarne Goldbæk
6%
David Lee
6%
Graham Stuart
6%
Michael Duberry
6%
Pierluigi Casiraghi
6%
Samuele Dalla Bona
6%
Jakob Kjeldbjerg
5%
Paul Furlong
5%
Robert Fleck
5%
Scott Minto
5%
Bernard Lambourde
3%
Darren Barnard
3%
David Hopkin
3%
Mark Nicholls
3%
Neil Shipperley
3%
Andy Myers
2%
Jon Harley
2%
Laurent Charvet
2%
Mal Donaghy
2%
No matching quizzes found
Score Distribution
Percent of People with Each Score
Percentile by Number Answered
Your Score History
You have not taken this quiz since the last reset